Neprimerane vysoké ceny ako praktika zneužívania dominantného postavenia na trhu bakalárska práca
Saved in:
| Main Author: | |
|---|---|
| Corporate Author: | |
| Other Authors: | |
| Format: | Book |
| Language: | Slovak |
| Published: |
Bratislava
2015
|
| Tags: |
No Tags, Be the first to tag this record!
|
MARC
| LEADER | 00000nbm a2200000 4500 | ||
|---|---|---|---|
| 001 | 0205080 | ||
| 005 | 20161212095017.6 | ||
| 041 | 0 | |a slo | |
| 044 | |a SK | ||
| 245 | 1 | 0 | |a Neprimerane vysoké ceny ako praktika zneužívania dominantného postavenia na trhu |b bakalárska práca |c Ján Kmoško ; školiteľ: Peter Silanič |
| 264 | 1 | |a Bratislava |c 2015 | |
| 300 | |a 42 s. | ||
| 100 | 1 | |a Kmoško, Ján | |
| 700 | 1 | |a Silanič, Peter, 1984- | |
| 710 | 2 | |a Národohospodárska fakulta EU. Katedra hospodárskej politiky | |